BIOCHEMISTRY: USEFUL FOR THE STUDENT OF PHARMACY (Record no. 5813)

MARC details
000 -LEADER
fixed length control field 00470nam a22001697a 4500
005 - DATE AND TIME OF LATEST TRANSACTION
control field 20240108113635.0
008 - FIXED-LENGTH DATA ELEMENTS--GENERAL INFORMATION
fixed length control field 190405b xxu||||| |||| 00| 0 eng d
020 ## - INTERNATIONAL STANDARD BOOK NUMBER
ISBN 978-81-85790-06-0
041 ## - LANGUAGE CODE
Language code of text/sound track or separate title eng
082 ## - DEWEY DECIMAL CLASSIFICATION NUMBER
Classification number 615.19
100 ## - MAIN ENTRY--AUTHOR NAME
Personal name KULKARNI, DR. M.V. ,THONTE,S.S .,RATHOD,S.S AND GHIWARE,N.B
245 ## - TITLE STATEMENT
Title BIOCHEMISTRY: USEFUL FOR THE STUDENT OF PHARMACY
260 ## - PUBLICATION, DISTRIBUTION, ETC. (IMPRINT)
Place of publication PUNE
Name of publisher NIRALI PRAKASHAN
Year of publication 2018
300 ## - PHYSICAL DESCRIPTION
Number of Pages 338p,
650 ## - SUBJECT ADDED ENTRY--TOPICAL TERM
Topical Term PHARMACY
942 ## - ADDED ENTRY ELEMENTS (KOHA)
Koha item type Books
Holdings
Lost status Damaged status Collection code Home library Current library Shelving location Date acquired Source of acquisition Cost, normal purchase price Full call number Accession Number Koha item type
    PHARMACY JRU Library JRU Library SHELF-17-F 05/04/2019 PURCHESS 150.00 570 22620 Books
    PHARMACY JRU Library JRU Library SHELF-17-F 05/04/2019 PURCHESS 150.00 570 22621 Books
    PHARMACY JRU Library JRU Library SHELF-17-F 05/04/2019 PURCHESS 150.00 570 22622 Books